| 000 | 009730000a22002410004500 | ||
|---|---|---|---|
| 001 | 50 | ||
| 003 | CO-MdFUSB | ||
| 005 | 20160513150908.0 | ||
| 008 | 160513t1967 sp ||||f |||| 00| 0 spa d | ||
| 040 |
_aCO-MdFUSB _bEspañol _cCO-MdFUSB _dCO-MdFUSB |
||
| 041 | 0 | _aspa | |
| 082 | 0 | 4 | _aR 211 F143a |
| 245 | 1 | 0 |
_aEl ateísmo contemporáneo _c / Facultad Filosófica de la Universidad Pontificia Salesiana de Roma |
| 260 | _aMadrid, España : Cristiandad | ||
| 264 |
_aMadrid, España _b : Cristiandad, _c1967 |
||
| 336 |
_2rdacontent _a1 _ba1 |
||
| 337 |
_2rdamedia _a2 _b5 |
||
| 338 |
_2rdacarrier _a2 _b5 |
||
| 500 | _aTítulo original: L´Ateismo contemporaneo | ||
| 505 | 0 | 0 | _aVol. 1 : El ateísmo en la vida y en la cultura contemporánea. (tomos 1 y 2). Vol. 2 : El ateísmo en la filosofía contemporánea: corrientes y pensadores. Vol. 3 : El ateísmo y los grandes problemas del hombre. Vol. 4 : El cristianismo frente al ateísmo. |
| 653 | _aATEISMO | ||
| 942 | _cBK | ||
| 999 |
_c31605 _d31605 |
||